000 01318cam a2200313 a 4500
001 14665223
005 20070502092343.0
008 061211s2008 caua 001 0 eng
010 _a 2006101113
020 _a9780805346251 (alk. paper)
020 _a0805346252 (alk. paper)
035 _a(OCoLC)ocm76967275
035 _a(OCoLC)76967275
040 _aDLC
_cDLC
_dYDX
_dBAKER
_dBTCTA
_dYDXCP
_dDLC
050 0 0 _aRC86.7
_b.H339 2008
082 0 0 _a616.0252
_222
_bFIR NR
245 0 0 _aFirst aid for colleges and universities /
_cKeith J. Karren ... [et al.].
250 _a9th ed.
260 _aSan Francisco :
_bPearson/Benjamin Cummings,
_cc2008.
300 _axviii, 541 p. :
_bill. (chiefly col.) ;
_c28 cm.
500 _aIncludes index.
650 0 _aFirst aid in illness and injury.
_920535
650 0 _aMedical emergencies.
_920536
700 1 _aKarren, Keith J.
_920537
856 4 1 _3Table of contents only
_uhttp://www.loc.gov/catdir/toc/ecip076/2006101113.html
942 _2ddc
_cNB
999 _c10917
_d10917